000 00292nam a22001337a 4500
008 170606b xxu||||| |||| 00| 0 eng d
020 _a9780078607059
041 _aeng
080 _a94(100)
100 _a18
101 _aSHH
245 _aWORLD HISTORY
_cSPIELVOGEL,J.J
942 _2udc
_cBK
999 _c16036
_d16036